000 00621nam a2200253Ia 4500
003 OSt
005 20221006142752.0
006 a|||||r|||| 00| 0
007 ta
008 221006b |||||||| |||| 00| 0 eng d
020 _c
_12.00
024 _a7,148
037 _cTextual
040 _aEASL
_cEASL
_beng
041 _2eng
_aeng
082 _aY2:6.N3, H6
100 _aLang Olga
_9134583
245 0 _aChinese family and society
260 _aUSA
_bArchon Books
_c1968
300 _a395p.
_ccm.
490 _v Oth
942 _hY2:6.N3, H6
_cTEXL
_2CC
999 _c1075234
_d1075234